[Event "Tournament for new players to the site"]
[Site "SchemingMind.com"]
[Date "2005.04.19"]
[Round "-"]
[White "flamingarrow"]
[Black "Gary"]
[Result "0-1"]
[WhiteCountry "GBR"]
[BlackCountry "ENG"]
[WhiteElo "1641"]
[WhiteRD "107"]
[BlackElo "1714"]
[BlackRD "61"]
[GameID "13221"]

1. e4 c5 2. Nf3 d6 3. d4 cxd4 4. Nxd4 Nf6 5. Nc3 a6 6. Bg5 e6 7. Bxf6 Qxf6 8. Be2 Be7 9. O-O O-O 10. f4 Nc6
11. Nxc6 bxc6 12. Rb1 Rb8 13. Bd3 Bd8 14. e5 dxe5 15. Ne4 Qe7 16. fxe5 Bc7 17. Nf6+ gxf6 18. exf6 Qc5+ 19. Kh1 Qg5 20. Qf3 Bb7
21. Qh3 h5 22. Rf2 Rfd8 23. Rbf1 Rd4 24. Rf5 exf5 25. Rxf5 Qh4 26. Rxh5 Qxh3 27. Rxh3 c5 28. Bh7+ Kf8 29. Bd3 Rg4
0-1

[Event "Tournament for new players to the site"]
[Site "SchemingMind.com"]
[Date "2005.04.20"]
[Round "-"]
[White "Gary"]
[Black "flamingarrow"]
[Result "0-1"]
[WhiteCountry "ENG"]
[BlackCountry "GBR"]
[WhiteElo "1579"]
[WhiteRD "65"]
[BlackElo "1633"]
[BlackRD "78"]
[GameID "13222"]

1. e4 c5 2. Nf3 d6 3. d4 cxd4 4. Nxd4 Nf6 5. Nc3 a6 6. Bg5 Nbd7 7. f4 Qc7 8. Qf3 e6 9. O-O-O Be7 10. g4 b5
11. a3 Bb7 12. f5 e5 13. Nde2 Rc8 14. Rd2 Qa5 15. Ng3 b4 16. Nb1 bxa3 17. Nxa3 Nc5 18. Bxf6 gxf6 19. Bc4 d5 20. Bxd5 Bxd5
21. Rxd5 O-O 22. h4 Qa4 23. Rh2 Nb3+ 24. Kb1 Nd4 25. Qd3 Bxa3 26. Qxa3 Qxa3 27. bxa3 Nb5 28. Rd3 Rb8 29. Ka2 Rfc8 30. Rb3 Rc7
31. Rd2 Rbc8 32. Kb1 Nd4 33. Rb2 Rc3 34. Rd3 Rxc2 35. Rxc2 Nxc2 36. Ne2 Ne1 37. Rg3 Rc4 38. Nc3 Rd4 39. Kc1 Nd3+ 40. Kc2 Nf4
41. Kb3 h6 42. Rg1 a5 43. a4 Kg7 44. Rd1 Rb4+ 45. Ka3 Ng2 46. h5 Ne3 47. Rg1 Nc4+ 48. Ka2 Rb2+ 49. Ka1 Rb3 50. Nb5 Re3
0-1

[Event "Tournament for new players to the site"]
[Site "SchemingMind.com"]
[Date "2005.04.22"]
[Round "-"]
[White "Ashmaster"]
[Black "Gary"]
[Result "1/2-1/2"]
[WhiteCountry "IRL"]
[BlackCountry "ENG"]
[WhiteElo "1432"]
[WhiteRD "65"]
[BlackElo "1714"]
[BlackRD "61"]
[GameID "13464"]

1. d4 f5 2. Bf4 Nf6 3. c4 d5 4. e3 e6 5. Qb3 Be7 6. Nf3 Nc6 7. c5 O-O 8. Be5 Nxe5 9. Nxe5 c6 10. Be2 Qa5+
11. Qc3 Qxc3+ 12. Nxc3 Nd7 13. Nxd7 Bxd7 14. O-O b6 15. Na4 bxc5 16. Nxc5 Bxc5 17. dxc5 a5 18. Rfb1 Rfb8 19. a3 g5 20. b3 Kg7
21. h3 e5 22. Kf1 Rb7 23. Ke1 Rab8 24. Bd1 Kf6 25. Ra2 Ke6 26. Rab2 d4 27. exd4 exd4 28. b4 axb4 29. Rxb4 Rxb4 30. Rxb4 Rxb4
31. axb4 Kd5 32. Bb3+ Ke5 33. Kd2 h5 34. Kd3 g4 35. hxg4 fxg4 36. g3 Bf5+ 37. Kd2 Bg6 38. Ba4 Be8 39. Kd3 Kd5 40. Bb3+ Ke5
41. Bc4=
1/2-1/2

[Event "Tournament for new players to the site"]
[Site "SchemingMind.com"]
[Date "2005.04.22"]
[Round "-"]
[White "Ashmaster"]
[Black "flamingarrow"]
[Result "1/2-1/2"]
[WhiteCountry "IRL"]
[BlackCountry "GBR"]
[WhiteElo "1345"]
[WhiteRD "76"]
[BlackElo "1558"]
[BlackRD "129"]
[GameID "13465"]

1. d4 Nf6 2. c4 e6 3. Nc3 Bb4 4. Bd2 Bxc3 5. Bxc3 b6 6. Nf3 Bb7 7. e3 O-O 8. Bd3 d5 9. O-O Nbd7 10. Qc2 h6
11. cxd5 exd5 12. Rfb1 c5 13. b4 Rc8 14. Qb3 c4 15. Qc2 cxd3 16. Qxd3 Ne4 17. Rc1 Ndf6 18. Bd2 Ng4 19. Rf1 Qd6 20. h3 Ngf6
21. Rac1= Rc7 22. Rxc7 Qxc7 23. Rc1 Qd7 24. Ne5 Qf5 25. f3 Nd7 26. Nxd7 Qxd7 27. fxe4 dxe4 28. Qc2 Re8 29. Qc7 Qd5 30. Qc4 Rc8=
31. Qxd5 Rxc1+ 32. Bxc1 Bxd5=
1/2-1/2

[Event "Tournament for new players to the site"]
[Site "SchemingMind.com"]
[Date "2005.04.23"]
[Round "-"]
[White "Gary"]
[Black "Ashmaster"]
[Result "1-0"]
[WhiteCountry "ENG"]
[BlackCountry "IRL"]
[WhiteElo "1704"]
[WhiteRD "63"]
[BlackElo "1345"]
[BlackRD "76"]
[GameID "13466"]

1. e4 b6 2. d4 Bb7 3. Nc3 e6 4. f4 d5 5. e5 f6 6. Nf3 Be7 7. Bd3 fxe5 8. fxe5 Nc6 9. O-O Qd7 10. a4 O-O-O
11. a5 bxa5 12. Bb5 Bb4 13. Ng5 Rf8 14. Rxf8+ Bxf8 15. Rxa5 a6 16. Bxc6 Bxc6 17. Rxa6 h6 18. Nf3 Bb4 19. Bd2 Bxc3 20. Qa1 Qd8
21. Bxc3 Ne7 22. Bb4 Kd7= 23. Nd2 Re8 24. Nb3 Ng6 25. Nc5+ Ke7 26. Nb7+
1-0

[Event "Tournament for new players to the site"]
[Site "SchemingMind.com"]
[Date "2005.04.22"]
[Round "-"]
[White "flamingarrow"]
[Black "Ashmaster"]
[Result "1-0"]
[WhiteCountry "GBR"]
[BlackCountry "IRL"]
[WhiteElo "1558"]
[WhiteRD "129"]
[BlackElo "1345"]
[BlackRD "76"]
[GameID "13467"]

1. e4 b6 2. d4 Bb7 3. Bd3 Nf6 4. e5 Nd5 5. c3 d6 6. Nf3 dxe5 7. Nxe5 f6 8. Qh5+ g6 9. Nxg6 Rg8 10. Ne5+ Rg6
11. Nxg6 hxg6 12. Qxg6+ Kd7 13. Qg4+ e6 14. O-O Bd6 15. Nd2 c6 16. Re1 Qe7 17. Nc4 f5 18. Qg5 Qxg5 19. Bxg5 Ba6 20. Rad1 Bxc4
21. Bxc4 b5 22. Bb3 Nf4 23. Bxf4 Bxf4 24. Bxe6+
1-0

[Event "Tournament for new players to the site"]
[Site "SchemingMind.com"]
[Date "2005.04.26"]
[Round "-"]
[White "Luke Skywalker"]
[Black "Gary"]
[Result "0-1"]
[WhiteCountry "SGP"]
[BlackCountry "ENG"]
[WhiteElo "1111"]
[WhiteRD "121"]
[BlackElo "1714"]
[BlackRD "61"]
[GameID "13511"]

1. e4 c5 2. Bc4 e6 3. Nf3 Nc6 4. O-O Nf6 5. e5 Ng4 6. d3 Ngxe5 7. Nxe5 Nxe5 8. Na3 Be7 9. Qe2 Nxc4 10. dxc4 O-O
0-1

[Event "Tournament for new players to the site"]
[Site "SchemingMind.com"]
[Date "2005.04.26"]
[Round "-"]
[White "Luke Skywalker"]
[Black "Ashmaster"]
[Result "0-1"]
[WhiteCountry "SGP"]
[BlackCountry "IRL"]
[WhiteElo "1111"]
[WhiteRD "121"]
[BlackElo "1432"]
[BlackRD "65"]
[GameID "13512"]

1. Nf3 d5 2. g3 Nc6 3. Bg2 e5 4. O-O g6 5. d3 Bg7 6. c3 Nf6 7. Qb3 b6 8. Bg5 Be6 9. Nbd2 Qd6 10. Bxf6 Bxf6
11. Qa3 Qxa3
0-1

[Event "Tournament for new players to the site"]
[Site "SchemingMind.com"]
[Date "2005.04.26"]
[Round "-"]
[White "Luke Skywalker"]
[Black "flamingarrow"]
[Result "0-1"]
[WhiteCountry "SGP"]
[BlackCountry "GBR"]
[WhiteElo "1111"]
[WhiteRD "121"]
[BlackElo "1641"]
[BlackRD "107"]
[GameID "13513"]

1. Nc3 Nf6 2. Nf3 d5 3. g3 h6 4. Bg2 Bf5 5. O-O c6 6. d3 Nbd7 7. e4 dxe4 8. dxe4 Nxe4 9. Nxe4 Bxe4 10. Bf4 Bxf3
0-1

[Event "Tournament for new players to the site"]
[Site "SchemingMind.com"]
[Date "2005.04.23"]
[Round "-"]
[White "Gary"]
[Black "Luke Skywalker"]
[Result "1-0"]
[WhiteCountry "ENG"]
[BlackCountry "SGP"]
[WhiteElo "1714"]
[WhiteRD "61"]
[BlackElo "1111"]
[BlackRD "121"]
[GameID "13514"]

1. e4 e5 2. Nf3 d6 3. d4 exd4 4. Nxd4 Nf6 5. Nc3 Bg4 6. f3 Bh5 7. Be3 Nc6 8. Qd2 Nxd4 9. Bxd4 c5 10. Bxf6 Qxf6
11. Bb5+ Kd8 12. Nd5 Qe6 13. Qa5+
1-0

[Event "Tournament for new players to the site"]
[Site "SchemingMind.com"]
[Date "2005.04.23"]
[Round "-"]
[White "Ashmaster"]
[Black "Luke Skywalker"]
[Result "1-0"]
[WhiteCountry "IRL"]
[BlackCountry "SGP"]
[WhiteElo "1432"]
[WhiteRD "65"]
[BlackElo "1111"]
[BlackRD "121"]
[GameID "13515"]

1. d4 d5 2. c4 e6 3. e3 dxc4 4. Bxc4 Nc6 5. Nf3 Qf6 6. O-O Nh6 7. Nc3 a6 8. Re1 Bb4 9. Bd2 O-O 10. Qb3 a5
11. a3 Bxc3 12. Qxc3 Ng4 13. h3
1-0

[Event "Tournament for new players to the site"]
[Site "SchemingMind.com"]
[Date "2005.04.23"]
[Round "-"]
[White "flamingarrow"]
[Black "Luke Skywalker"]
[Result "1-0"]
[WhiteCountry "GBR"]
[BlackCountry "SGP"]
[WhiteElo "1641"]
[WhiteRD "107"]
[BlackElo "1111"]
[BlackRD "121"]
[GameID "13516"]

1. e4 e5 2. Nf3 d6 3. Bc4 h6 4. d4 c6 5. dxe5 b5 6. Bb3 Bg4 7. h3 Bxf3 8. Qxf3 f6 9. Qh5+ Kd7 10. exd6 Bxd6
11. O-O Ne7 12. c4
1-0

[Event "Tournament for new players to the site"]
[Site "SchemingMind.com"]
[Date "2005.04.23"]
[Round "-"]
[White "asperse"]
[Black "Gary"]
[Result "0-1"]
[WhiteCountry "ENG"]
[BlackCountry "ENG"]
[WhiteElo "1250"]
[WhiteRD "94"]
[BlackElo "1704"]
[BlackRD "63"]
[GameID "13532"]

1. e4 c5 2. d4 cxd4 3. Qxd4 Nc6 4. Qe3 d6 5. Bb5 Bd7 6. Nf3 Nf6 7. e5 Nd5 8. Qd2 e6 9. exd6 Bxd6 10. Ng5 Bf4
11. Qd3 Bxc1 12. O-O Bxb2 13. Qf3 Qxg5 14. h4 Qxh4 15. g3 Qb4 16. Bxc6 Bxc6 17. Rd1 Bxa1 18. Nd2 Nc3 19. Qf4 Qxf4 20. gxf4 Nxd1
21. Nc4 O-O-O 22. Ne5 Bxe5 23. fxe5 Rd2 24. c4 Nxf2 25. Kf1 Nd3 26. a4 Rf2+ 27. Kg1 h5 28. c5 h4 29. a5 h3 30. a6 h2#
0-1

[Event "Tournament for new players to the site"]
[Site "SchemingMind.com"]
[Date "2005.04.23"]
[Round "-"]
[White "asperse"]
[Black "Ashmaster"]
[Result "0-1"]
[WhiteCountry "ENG"]
[BlackCountry "IRL"]
[WhiteElo "1250"]
[WhiteRD "94"]
[BlackElo "1345"]
[BlackRD "76"]
[GameID "13533"]

1. e4 b6 2. d4 Bb7 3. Bd3 e6 4. Nc3 Ne7 5. Bg5 h6 6. Bh4 g5 7. Bg3 Bg7 8. Be5 Bxe5 9. dxe5 Nbc6 10. Nb5 Nxe5
11. Nf3 Nxf3+ 12. Qxf3 d6 13. O-O-O Bc6 14. Qf6 Rh7 15. Rhe1 Qd7 16. Bc4 Bxb5 17. b3 Bxc4 18. bxc4 c6 19. e5 d5 20. cxd5 Nxd5
21. c4 Nxf6 22. Rxd7 Nxd7 23. g3 b5 24. cxb5 cxb5 25. f4 Rc8+ 26. Kd1 b4 27. fxg5 hxg5 28. h4 gxh4 29. gxh4 Rxh4 30. Re2 Rh1+
31. Kd2 Rcc1 32. Ke3 Nxe5 33. Rb2 Nc4+
0-1

[Event "Tournament for new players to the site"]
[Site "SchemingMind.com"]
[Date "2005.04.23"]
[Round "-"]
[White "asperse"]
[Black "flamingarrow"]
[Result "0-1"]
[WhiteCountry "ENG"]
[BlackCountry "GBR"]
[WhiteElo "1250"]
[WhiteRD "94"]
[BlackElo "1558"]
[BlackRD "129"]
[GameID "13534"]

1. e4 c5 2. d4 cxd4 3. Qxd4 a6 4. Bd2 Nc6 5. Qe3 d6 6. Nc3 Nf6 7. Nf3 Qc7 8. Nd5 Nxd5 9. exd5 Nd8 10. Ng5 e5
11. Qf3 h6 12. Ne4 Be7 13. Bb4 O-O 14. O-O-O b5 15. Bd3 Bb7 16. Ng3 a5 17. Qe4 g6 18. Nh5 f5 19. Qe1 gxh5 20. Bc3 e4
21. Bxb5 Rc8 22. Qd2 Bg5 23. f4 exf3 24. Bc4 Qxc4 25. gxf3 Bxd2+ 26. Rxd2 Qxa2 27. Rdd1 Bxd5 28. Rde1 Rxc3 29. bxc3 Bxf3 30. Rhg1+ Kf7
31. Rgf1 Be4 32. Rf2 Ne6 33. Rxe4 Ke7 34. Re3 a4 35. c4 a3 36. Ree2 Qb2+ 37. Kd2 a2 38. Rf1 a1=Q 39. Rxa1 Qxa1 40. Kd3 Qd4#
0-1

[Event "Tournament for new players to the site"]
[Site "SchemingMind.com"]
[Date "2005.04.23"]
[Round "-"]
[White "asperse"]
[Black "Luke Skywalker"]
[Result "1-0"]
[WhiteCountry "ENG"]
[BlackCountry "SGP"]
[WhiteElo "1313"]
[WhiteRD "75"]
[BlackElo "1111"]
[BlackRD "121"]
[GameID "13535"]

1. e4 e5 2. d4 exd4 3. Qxd4 Nc6 4. Qe3 Nf6 5. e5 Ng4 6. Qf4 d6 7. f3 Nh6 8. Bc4 d5 9. Bb3 f6 10. exf6 Qxf6
11. Qxf6
1-0

[Event "Tournament for new players to the site"]
[Site "SchemingMind.com"]
[Date "2005.04.23"]
[Round "-"]
[White "Gary"]
[Black "asperse"]
[Result "1-0"]
[WhiteCountry "ENG"]
[BlackCountry "ENG"]
[WhiteElo "1704"]
[WhiteRD "63"]
[BlackElo "1250"]
[BlackRD "94"]
[GameID "13536"]

1. e4 e5 2. Nf3 d5 3. Nxe5 dxe4 4. Bc4 f6 5. Nf7 Qd4 6. Qe2 Bg4 7. f3 Bh5 8. Nxh8 Nc6 9. g4 Bg6 10. h4 Nh6
11. Nxg6 hxg6 12. d3 e3 13. Qxe3+ Be7 14. Qxd4 Nxd4 15. Kd1 Nxf3 16. Bxh6 gxh6 17. Nd2 Ne5 18. Rg1 g5 19. h5 Nxc4 20. Nxc4 Bc5
21. Rf1 Kf7 22. Kd2 b5 23. Ne3 Re8 24. Nd5 Bd4 25. c3 Bc5 26. Nxf6 Be3+ 27. Kc2 Re6 28. Nd5+ Kg7 29. Rae1 Ra6 30. Rxe3 Rxa2
31. Re7+ Kg8 32. Rff7 Ra5 33. Nf6+ Kh8 34. Rh7#
1-0

[Event "Tournament for new players to the site"]
[Site "SchemingMind.com"]
[Date "2005.04.23"]
[Round "-"]
[White "Ashmaster"]
[Black "asperse"]
[Result "1-0"]
[WhiteCountry "IRL"]
[BlackCountry "ENG"]
[WhiteElo "1345"]
[WhiteRD "76"]
[BlackElo "1250"]
[BlackRD "94"]
[GameID "13537"]

1. d4 f5 2. c4 d5 3. e3 Be6 4. g3 dxc4 5. Qa4+ c6 6. Bxc4 Bxc4 7. Qxc4 Nf6 8. Qb3 Ne4 9. Qxb7 Nd7 10. Qa6 c5
11. dxc5 Ndxc5 12. Qc6+ Kf7 13. f3 Nd3+ 14. Kf1 Nxc1 15. Qxc1 Qd3+ 16. Ne2 e5 17. fxe4 Qxe4 18. Kf2 Bb4 19. Nbc3 Bxc3 20. Qxc3 Rac8
21. Qb3+ Kg6 22. Qe6+ Kg5 23. h4+ Kg4 24. Rhf1 Rc2 25. Ke1 Qb4+ 26. Nc3 Rd8 27. Qxf5+ Kxg3 28. Qxe5+ Kxh4 29. Rf4+ Qxf4 30. Qxf4+ Kh5
31. Qf5+ Kh6 32. Qxc2 Re8 33. Qh2+ Kg6 34. Qd6+ Kg5 35. Ne4+ Rxe4 36. Qd5+ Kg4 37. Qxe4+ Kg5 38. Kf2 h5 39. Kg3 h4+ 40. Qxh4+ Kg6
41. Rf1
1-0

[Event "Tournament for new players to the site"]
[Site "SchemingMind.com"]
[Date "2005.04.24"]
[Round "-"]
[White "flamingarrow"]
[Black "asperse"]
[Result "1-0"]
[WhiteCountry "GBR"]
[BlackCountry "ENG"]
[WhiteElo "1558"]
[WhiteRD "129"]
[BlackElo "1250"]
[BlackRD "94"]
[GameID "13538"]

1. e4 e5 2. Nf3 d5 3. Nxe5 dxe4 4. Bc4 f6 5. Qh5+ g6 6. Nxg6 hxg6 7. Qxg6+ Kd7 8. Bxg8 Qe7 9. Bc4 Rh6 10. Qg3 Qb4
11. b3 Bd6 12. Qg7+ Be7 13. Qxh6 f5 14. Ba3 Qa5 15. Qe6+
1-0

[Event "Tournament for new players to the site"]
[Site "SchemingMind.com"]
[Date "2005.04.26"]
[Round "-"]
[White "Luke Skywalker"]
[Black "asperse"]
[Result "0-1"]
[WhiteCountry "SGP"]
[BlackCountry "ENG"]
[WhiteElo "1111"]
[WhiteRD "121"]
[BlackElo "1313"]
[BlackRD "75"]
[GameID "13539"]

1. c4 e5 2. Qb3 Nc6 3. Nc3 Nd4 4. Qd1 d6 5. e3 Nc6 6. d3 Nf6 7. e4 Bg4 8. f3 Bh5 9. Be2 Nd4 10. g4 Bg6
0-1

[Event "Tournament for new players to the site"]
[Site "SchemingMind.com"]
[Date "2005.04.23"]
[Round "-"]
[White "Noble King"]
[Black "Gary"]
[Result "1-0"]
[WhiteCountry "AUS"]
[BlackCountry "ENG"]
[WhiteElo "1820"]
[WhiteRD "119"]
[BlackElo "1694"]
[BlackRD "67"]
[GameID "13562"]

1. Nf3 f5 2. g3 Nf6 3. Bg2 e6 4. O-O Be7 5. d3 O-O 6. c4 Nc6 7. a3 a5 8. Nbd2 Rb8 9. b3 d6 10. Bb2 b6
11. Ng5 h6 12. Nxe6 Bxe6 13. Bxc6 Bd7 14. Bg2 Re8 15. Qc2 c6 16. e4 Rc8 17. e5 dxe5 18. Bxe5 c5 19. Bb7 Bc6 20. Bxc8 Qxc8
21. d4 cxd4 22. Bxd4 f4 23. Bxf6 f3 24. Qg6 Bxf6 25. Rae1 Rxe1 26. Rxe1 Qh3 27. Nxf3 Qd7 28. Re3
1-0

[Event "Tournament for new players to the site"]
[Site "SchemingMind.com"]
[Date "2005.04.23"]
[Round "-"]
[White "Noble King"]
[Black "Ashmaster"]
[Result "1-0"]
[WhiteCountry "AUS"]
[BlackCountry "IRL"]
[WhiteElo "1707"]
[WhiteRD "217"]
[BlackElo "1345"]
[BlackRD "76"]
[GameID "13563"]

1. Nf3 d5 2. e3 Nc6 3. Be2 b6 4. O-O Bb7 5. a3 Qd7 6. b4 e6 7. Bb2 f6 8. d3 Be7 9. Nbd2 O-O-O 10. c4 Nh6
11. Qc2 Nf7 12. Rfc1 e5 13. cxd5 Qxd5 14. e4 Qe6 15. b5 Rd6 16. bxc6 Rxc6 17. Qb3 Qxb3 18. Nxb3 Rxc1+ 19. Rxc1 Rd8 20. h3 Ba6
21. Ne1 g6 22. Bf1 f5 23. exf5 gxf5 24. d4 Bxf1 25. Kxf1 exd4 26. Nxd4 Nh6 27. Nc6 Rd7 28. Nxa7+ Kb7 29. Nb5 c6 30. Nc3 Bf6
31. Nf3 Bxc3 32. Bxc3
1-0

[Event "Tournament for new players to the site"]
[Site "SchemingMind.com"]
[Date "2005.04.23"]
[Round "-"]
[White "Noble King"]
[Black "flamingarrow"]
[Result "1/2-1/2"]
[WhiteCountry "AUS"]
[BlackCountry "GBR"]
[WhiteElo "1758"]
[WhiteRD "131"]
[BlackElo "1641"]
[BlackRD "107"]
[GameID "13564"]

1. Nf3 b6 2. d3 d5 3. g3 Bb7 4. Bg2 Nf6 5. O-O e6 6. a3 Bd6 7. Nbd2 Nbd7 8. b4 O-O 9. Bb2 c5 10. bxc5 Nxc5
11. c4 dxc4 12. Nxc4 Be7 13. a4 Rc8 14. Ncd2 h6 15. Rc1 Qd7 16. Ba3 Bxf3 17. Nxf3 Rfe8 18. Bxc5 Bxc5 19. d4 Bd6 20. Qb3 Rc7
21. e3 Rec8 22. Rxc7 Rxc7 23. Nd2 Qc8 24. Ne4 Nxe4 25. Bxe4 Rc3 26. Qb5 f5 27. Bg2 Rc2 28. e4 Kh8 29. exf5 exf5 30. Bh3 g6
31. Qd5 Qc7 32. Qe6 Kg7 33. Bg2 h5 34. Bd5 Qe7 35. Qg8+ Kh6 36. Qh8+ Qh7 37. Qd8 Qe7= 38. Qh8+ Qh7 39. Qe8 Qe7 40. Qh8+=
1/2-1/2

[Event "Tournament for new players to the site"]
[Site "SchemingMind.com"]
[Date "2005.04.23"]
[Round "-"]
[White "Noble King"]
[Black "asperse"]
[Result "1-0"]
[WhiteCountry "AUS"]
[BlackCountry "ENG"]
[WhiteElo "1707"]
[WhiteRD "217"]
[BlackElo "1250"]
[BlackRD "94"]
[GameID "13565"]

1. Nf3 d5 2. e3 c6 3. Be2 Nd7 4. O-O e5 5. d3 Ngf6 6. Nbd2 Bc5 7. a3 O-O 8. b4 Be7 9. Bb2 Bd6 10. c4 e4
11. dxe4 dxe4 12. Nd4 Qe8 13. c5 Be5 14. Qc2 Bc7 15. Nf5 Ne5 16. Ng3 Bg4 17. Ndxe4 Nxe4 18. Qxe4 Bxe2 19. Nxe2 Rd8 20. Rad1 Rxd1
21. Rxd1 Nc4 22. Qxc4 Qe7 23. Qd4 Rd8 24. Qxg7#
1-0

[Event "Tournament for new players to the site"]
[Site "SchemingMind.com"]
[Date "2005.04.24"]
[Round "-"]
[White "Gary"]
[Black "Noble King"]
[Result "0-1"]
[WhiteCountry "ENG"]
[BlackCountry "AUS"]
[WhiteElo "1628"]
[WhiteRD "69"]
[BlackElo "1836"]
[BlackRD "110"]
[GameID "13567"]

1. e4 c5 2. Nf3 d6 3. d4 cxd4 4. Nxd4 Bd7 5. Bc4 Nf6 6. Nc3 Nc6 7. O-O g6 8. Be3 Bg7 9. Qd2 a6 10. a4 O-O
11. Rad1 Rc8 12. Be2 Ne5 13. f4 Nc4 14. Bxc4 Rxc4 15. b3 Rc8 16. f5 Qc7 17. Nd5 Nxd5 18. exd5 Qc3 19. Qf2 gxf5 20. Rd3 Qb2
21. c4 Qa3 22. Rfd1 e5 23. Nc2 Qb2 24. Bc1 Qa2 25. Ba3 e4 26. Re3 Be5 27. g3 b5
0-1

[Event "Tournament for new players to the site"]
[Site "SchemingMind.com"]
[Date "2005.04.24"]
[Round "-"]
[White "Ashmaster"]
[Black "Noble King"]
[Result "0-1"]
[WhiteCountry "IRL"]
[BlackCountry "AUS"]
[WhiteElo "1345"]
[WhiteRD "76"]
[BlackElo "1707"]
[BlackRD "217"]
[GameID "13568"]

1. d4 Nf6 2. c4 d5 3. e3 e6 4. Nc3 Nbd7 5. Bd3 c6 6. Nf3 Be7 7. O-O O-O 8. Qe2 dxc4 9. Bxc4 Nb6 10. Bb3 Nbd5
11. Nxd5 cxd5 12. Bd2 b6 13. Rac1 a5 14. Qd3 Ba6 15. Qc3 Bxf1 16. Kxf1 Bb4 17. Qc2 Bxd2 18. Qxd2 Ne4 19. Qd3 Rc8 20. Rxc8 Qxc8
21. Qc2 Qxc2 22. Bxc2 Rc8 23. Bxe4 dxe4 24. Nd2 f5 25. Ke1= Rc2 26. f3 exf3 27. Nxf3 Rxb2 28. Ng5 Rxa2 29. Nxe6 Rxg2 30. d5 Rg6
31. Kd2 Rxe6 32. dxe6 Kf8 33. Kc3 Ke7 34. Kc4 Kxe6 35. Kb5 Ke5
0-1

[Event "Tournament for new players to the site"]
[Site "SchemingMind.com"]
[Date "2005.04.24"]
[Round "-"]
[White "flamingarrow"]
[Black "Noble King"]
[Result "1/2-1/2"]
[WhiteCountry "GBR"]
[BlackCountry "AUS"]
[WhiteElo "1641"]
[WhiteRD "107"]
[BlackElo "1758"]
[BlackRD "131"]
[GameID "13569"]

1. e4 c5 2. Nf3 d6 3. d4 cxd4 4. Nxd4 Nf6 5. Nc3 Nc6 6. Nxc6 bxc6 7. Be2 Bd7 8. O-O g6 9. Qd3 Bg7 10. h3 O-O
11. Bf4 Rb8 12. Rab1 c5 13. Bf3 Be6 14. b3 Nd7 15. Ne2 Ne5 16. Bxe5 Bxe5 17. c4 Qa5 18. Qc2 Rb6 19. Rfd1 Ra6 20. a4 Rb6
21. Nc1 Rfb8 22. Nd3 Bg7 23. Nf4 Bd7 24. Nd5 Ra6 25. Nxe7+ Kf8 26. Nd5 Be6 27. Nf4 Bd4 28. Ne2 Bg7 29. Nf4 Be5 30. Nxe6+ fxe6
31. Qc1 Rab6 32. Qh6+ Kg8 33. Bg4 Re8 34. f4 Bg7 35. Qh4 Qc3 36. f5 exf5 37. exf5 Bf6 38. Qh6 Bg7 39. Qg5 Bf6 40. Qh6 Bg7
41. Qf4= Be5 42. Qh6 Bg7
1/2-1/2

[Event "Tournament for new players to the site"]
[Site "SchemingMind.com"]
[Date "2005.04.24"]
[Round "-"]
[White "asperse"]
[Black "Noble King"]
[Result "0-1"]
[WhiteCountry "ENG"]
[BlackCountry "AUS"]
[WhiteElo "1313"]
[WhiteRD "75"]
[BlackElo "1758"]
[BlackRD "131"]
[GameID "13570"]

1. e4 c5 2. d4 cxd4 3. Qxd4 Nc6 4. Qe3 d6 5. Bb5 Bd7 6. Nc3 a6 7. Bxc6 Bxc6 8. Nd5 Bxd5 9. Qg5 Bxe4 10. f3 Bc6
11. Bd2 e6 12. Qxd8+ Rxd8 13. O-O-O Nf6 14. Ba5 Rc8 15. Bb4 d5 16. Bxf8 Rxf8 17. Nh3 Ke7 18. Ng5 h6 19. Nh3 Rc7 20. Rhe1 Rfc8
21. c3 b5 22. b4 Bb7 23. Rd3 d4 24. Re2 Rxc3+ 25. Rxc3 Rxc3+ 26. Rc2 Rxc2+ 27. Kxc2 Nd5 28. Kb3 Ne3 29. Nf4 e5 30. Nd3 f6
31. a4 Nxg2 32. axb5 axb5 33. Nc5 Bxf3 34. Na6 Bd5+ 35. Kc2 Ne3+ 36. Kd3 Ng4 37. Nc7 Bc4+ 38. Ke4 Nxh2 39. Kf5 d3 40. Ke4 d2
0-1

[Event "Tournament for new players to the site"]
[Site "SchemingMind.com"]
[Date "2005.04.25"]
[Round "-"]
[White "Scotty919"]
[Black "Gary"]
[Result "1/2-1/2"]
[WhiteCountry "ENG"]
[BlackCountry "ENG"]
[WhiteElo "1508"]
[WhiteRD "123"]
[BlackElo "1714"]
[BlackRD "61"]
[GameID "13677"]

1. e4 c5 2. Qf3 Nc6 3. Bc4 Nf6 4. Ne2 Ne5 5. Qc3 Qc7 6. O-O Nxe4 7. Qb3 Nxc4 8. Qxc4 d5 9. Qxd5 Nf6 10. Qd3 e6
11. Nec3 Bd6 12. g3 O-O 13. Nb5 Qd7 14. Nxd6 Rd8 15. Nxc8 Raxc8 16. Qxd7 Rxd7 17. d3 h6 18. Be3 Nd5 19. Nc3 Nb4 20. Rac1 b6
21. a3 Nc6 22. Nb5 a6 23. Nc3 f5 24. Rcd1 Rcd8 25. f4 Nd4 26. Na4 Rb7 27. Bxd4 cxd4 28. Rfe1 Kf7 29. b4 Rc8 30. Rc1 Rc6
31. h4 Rbc7 32. h5= Kf6 33. Re2=
1/2-1/2

[Event "Tournament for new players to the site"]
[Site "SchemingMind.com"]
[Date "2005.04.25"]
[Round "-"]
[White "Scotty919"]
[Black "Ashmaster"]
[Result "1/2-1/2"]
[WhiteCountry "ENG"]
[BlackCountry "IRL"]
[WhiteElo "1465"]
[WhiteRD "99"]
[BlackElo "1432"]
[BlackRD "71"]
[GameID "13678"]

1. e4 b6 2. Nf3 Bb7 3. Bc4 e6 4. Nc3 Bb4 5. a3 Bxc3 6. dxc3 Bxe4 7. Qe2 Bxf3 8. Qxf3 Nc6 9. O-O Nf6 10. b4 Qe7
11. Bf4 Rc8 12. b5 Na5 13. h3 Nxc4 14. Qb7 O-O 15. Qxa7 Ra8 16. Qxc7 Rxa3 17. Qxc4 Rxa1 18. Rxa1 Qc5 19. Qd3 Qf5 20. Qd4 Qe4=
21. Qd6 Nh5 22. Be3 Qxc2 23. Rc1 Qe4 24. Qxb6 Nf4 25. f3 Qe5 26. Rc2 Rb8 27. Qd4 Qxd4 28. cxd4 Ng6 29. Ra2 f6 30. Ra7 Rxb5
31. Rxd7 Rb1+ 32. Kf2=
1/2-1/2

[Event "Tournament for new players to the site"]
[Site "SchemingMind.com"]
[Date "2005.04.25"]
[Round "-"]
[White "Scotty919"]
[Black "flamingarrow"]
[Result "1/2-1/2"]
[WhiteCountry "ENG"]
[BlackCountry "GBR"]
[WhiteElo "1426"]
[WhiteRD "139"]
[BlackElo "1558"]
[BlackRD "129"]
[GameID "13679"]

1. e4 c5 2. Nf3 d6 3. Bb5+ Bd7 4. Bxd7+ Nxd7 5. O-O Ngf6 6. c4 Nxe4 7. d3 Nef6 8. Qa4 e6 9. Qb3 Be7 10. Qxb7 O-O
11. Na3 a6 12. Ng5 Ne5 13. Qb3 h6 14. Ne4 d5 15. cxd5 exd5 16. Nxf6+ Bxf6 17. Bf4 Nc6 18. Nc2 Ne5 19. h3 c4 20. dxc4 dxc4
21. Qb4 Nd3 22. Qxc4 Nxf4 23. Qxf4 Bxb2 24. Rad1 Qc8 25. Rd2 Re8 26. Nd4 Bxd4 27. Rxd4 Qc2 28. Ra4 a5=
1/2-1/2